| 000 | 00454 a2200145 4500 | ||
|---|---|---|---|
| 003 | Nust | ||
| 005 | 20170207154039.0 | ||
| 040 | _cNust | ||
| 100 | _aR. Rodriguez, Juan | ||
| 245 |
_aIBM WebSphere Everyplace Deployment V6 (E-BOOK) Handbook for Developers and Administrators _cJuan R. Rodriguez |
||
| 260 |
_aInternational Business Machines Corporation _bUSA _c2006. |
||
| 300 | _a432 p | ||
| 440 | _aVolume I: Installation and Administration | ||
| 651 | _aE-BOOK | ||
| 942 |
_2ddc _cBK |
||
| 999 |
_c192549 _d192549 |
||